1691 1592 1562 1642 1836 1632 1791 1275 1087 1783 1866 1391 1108 1901 1238 1665 1463 1437 1664 1968 1704 1160 1982 1981 1235 1439 1920 1560 1460 1466 1684 1628 1386 1173 1144 1550 1741 1342 1146 1792 1086 1482 1061 1034 1503 1220 1631 1334 1914 1068 1648 1906 1328 1111 1571 1856 1134 1663 1379 1718 1198 1068 1787 1848 1911 1759 1533 1948 1913 1336 1964 1139 1529 1294 1500 1790 1951 1527 1262 1438 1289 1731 1861 1685 1739 1256 1213 1800 1198 1650 1106 1395 1299 1794 1296 1733 1427 1409 1142 BCNSPRNW ULIB Ver.6.0+V

เปลี่ยนเป็นภาษาไทย

Change to English
 แสดงรายละเอียดบรรณานุกรม
  กลับหน้าหลัก

Brief Record : Get Marc (ISO 2709) : E-mail record : QR code < ปิดหน้าต่าง
LEADER : 00000nam 2200000uu 4500
001    13399107753
003     ULIB
008    110202s2553||||th 000 0 tha d
020    9789741028047(ล.1)
060  4 WY18.2^bค127ค ล.1 2553
245 00 คู่มือการสอบใบอนุญาตประกอบวิชาชีพการพยาบาล เล่ม 1 ทบทวนสาระและตัวอย่างข้อสอบ =^bNCLEX-RN Review 5th edition 2005/^cบรรณาธิการ ประกาย จิโรจน์กุล และคณะ,ผู้แปล คณะอาจารย์วิทยาลัยพยาบาลบรมราชชนนี กรุงเทพฯ
246 0  NCLEX-RN Review 5th edition 2005
250    พิมพ์ครั้งที่ 2
260    กรุงเทพฯ:^bเซ็นเกจ เลินนิ่ง(ประเทศไทย) จำกัด,^c2553
300    484 หน้า
650  7 การพยาบาล--ตัวอย่างข้อสอบ
650  7 การสอบใบอนุญาตประกอบวิชาชีพการพยาบาล
700 0  คณะอาจารย์วิทยาลัยพยาบาลบรมราชชนนี กรุงเทพฯ,^eผู้แปล
700 0  ประกาย จิโรจน์กุล และคณะ,^eบรรณาธิการ
710 2  กระทรวงสาธารณสุข ^bสถาบันพระบรมราชนก^bวิทยาลัยพยาบาลบรมราชชนนี
945    ^p395^l0^i029542
945    ^p395^l0^i029541
945    ^p395^l0^i029540
945    ^p395^l0^i029543
995    ทศพร
999 ^a ใช้งานได้ทุกระบบ
รายการนี้ยังไม่มีแท็ก
คุณยังไม่ได้ล็อกอิน คุณสามารถมีกิจกรรมร่วมกับเว็บไซต์ได้ แต่ต้องล็อกอินก่อน ::
  ล็อกอิน

รายการสื่อสารสนเทศ

ลำดับที่ ประเภท เลขเรียก/บาร์โค้ด สถานที่ สถานะ
- ไม่พบข้อมูล -

รายการใกล้เคียง
    หัวเรื่อง [การพยาบาล--ตัวอย่างข้อสอบ]
    หัวเรื่อง [การสอบใบอนุญาตประกอบวิชาชีพการพยาบาล]

BibComment


ยังไม่เคยถูกคอมเมนท์

คอมเมนท์ทรัพยากรรายการนี้
  คอมเมนท์: คู่มือการสอบใบอนุ..


 Copyright 2026. Bcnsprnw @Library